[Event "Oberliga Ost-B 2122"]
[Site "Germany"]
[Date "2022.05.22"]
[Round "5.1"]
[White "Grabarczyk, Bogdan"]
[Black "Hoffmann, Tim"]
[Result "1-0"]
[WhiteElo "2380"]
[BlackElo "2148"]
[PlyCount "43"]
[EventDate "2021.10.10"]
[EventType "team-tourn"]
[EventRounds "11"]
[EventCountry "GER"]
[SourceTitle "EXT 2023"]
[Source "ChessBase"]
[SourceDate "2022.10.05"]
[SourceVersion "1"]
[SourceVersionDate "2022.10.05"]
[SourceQuality "1"]
[WhiteTeam "Griesheim"]
[BlackTeam "Gera"]
[WhiteTeamCountry "GER"]
[BlackTeamCountry "GER"]

1. e4 c5 2. Nf3 d6 3. d4 cxd4 4. Nxd4 Nf6 5. Nc3 a6 6. Bg5 e6 7. Qe2 Nbd7 8. f4 Qc7 9. 0-0-0 Be7 10. g4 h6 11. Bxf6 Bxf6 12. h4 g5 13. Nf5 Bxc3 14. Nxd6+ Ke7 15. bxc3 Qxc3 16. Rh3 Qa1+ 17. Kd2 Qf6 18. Ke1 gxf4 19. Qd2 Nc5 20. Qa5 Qe5 21. Qc7+ Bd7 22. Nf5+ 1-0

[Event "Oberliga Ost-B 2122"]
[Site "Germany"]
[Date "2022.03.06"]
[Round "9.1"]
[White "Grabarczyk, Bogdan"]
[Black "Dunsbach, Ralf"]
[Result "1-0"]
[WhiteElo "2380"]
[BlackElo "2146"]
[PlyCount "63"]
[EventDate "2021.10.10"]
[EventType "team-tourn"]
[EventRounds "11"]
[EventCountry "GER"]
[SourceTitle "EXT 2023"]
[Source "ChessBase"]
[SourceDate "2022.10.05"]
[SourceVersion "1"]
[SourceVersionDate "2022.10.05"]
[SourceQuality "1"]
[WhiteTeam "Griesheim"]
[BlackTeam "Bad Homburg"]
[WhiteTeamCountry "GER"]
[BlackTeamCountry "GER"]

1. e4 c5 2. Nf3 d6 3. d4 cxd4 4. Nxd4 Nf6 5. Nc3 g6 6. Be3 Bg7 7. Be2 0-0 8. Qd2 Nc6 9. 0-0-0 Ng4 10. Bxg4 Bxg4 11. f3 Bd7 12. Nxc6 bxc6 13. Bh6 Bxh6 14. Qxh6 Qa5 15. h4 Qe5 16. Qe3 Be6 17. g4 Qa5 18. b3 f6 19. Kb1 Rab8 20. Ne2 Qc5 21. Qxc5 dxc5 22. Kb2 Rfd8 23. Kc3 Rd6 24. Nf4 Kf7 25. Nd3 Rbd8 26. Rb1 Rd4 27. Nxc5 Rd2 28. Nd3 Rg2 29. Rbg1 Re2 30. g5 Rd6 31. h5 f5 32. hxg6+ 1-0

[Event "Oberliga Ost-B 2122"]
[Site "Germany"]
[Date "2022.03.05"]
[Round "8.1"]
[White "Heinatz, Thomas"]
[Black "Grabarczyk, Bogdan"]
[Result "0-1"]
[WhiteElo "2307"]
[BlackElo "2380"]
[PlyCount "102"]
[EventDate "2021.10.10"]
[EventType "team-tourn"]
[EventRounds "11"]
[EventCountry "GER"]
[SourceTitle "EXT 2023"]
[Source "ChessBase"]
[SourceDate "2022.10.05"]
[SourceVersion "1"]
[SourceVersionDate "2022.10.05"]
[SourceQuality "1"]
[WhiteTeam "Schoeneck"]
[BlackTeam "Griesheim"]
[WhiteTeamCountry "GER"]
[BlackTeamCountry "GER"]

1. e4 c5 2. Nc3 Nc6 3. Nf3 g6 4. Bb5 Bg7 5. 0-0 Nf6 6. Re1 0-0 7. e5 Ng4 8. Bxc6 dxc6 9. h3 Nh6 10. d3 Nf5 11. Ne4 b6 12. Bf4 Nd4 13. Nfd2 Qc7 14. Ng5 Ne6 15. Nxe6 Bxe6 16. Qf3 Qd7 17. Qe3 Qd4 18. Qxd4 cxd4 19. b4 Rfd8 20. Nb3 Rd5 21. a4 h6 22. a5 Rad8 23. axb6 axb6 24. Nd2 g5 25. Bg3 Rb5 26. Ra4 Kh7 27. f4 gxf4 28. Bxf4 Kg6 29. Nc4 Rd7 30. Re2 Rb7 31. Nd2 Bd5 32. Nc4 c5 33. bxc5 bxc5 34. Kh2 Rb1 35. Rf2 Re1 36. Ra6+ e6 37. Nd6 Rd7 38. Ra5 Bxe5 39. Ne8 Bxf4+ 40. Rxf4 f5 41. Rxc5 Re2 42. Kg3 e5 43. Rf1 f4+ 44. Kh4 Bxg2 45. Ra1 Kf7 46. Rc8 Re3 47. Ra6 Rxh3+ 48. Kg4 Rg3+ 49. Kh5 Bf3+ 50. Kxh6 Rh3+ 51. Kg5 Rh5# 0-1

[Event "Oberliga Ost-B 1920"]
[Site "Germany"]
[Date "2019.09.29"]
[Round "1.7"]
[White "Ochs, Daniel Elias"]
[Black "Grabarczyk, Bogdan"]
[Result "0-1"]
[WhiteElo "2068"]
[BlackElo "2374"]
[PlyCount "52"]
[EventDate "2019.09.29"]
[EventType "team-tourn"]
[EventRounds "11"]
[EventCountry "GER"]
[SourceTitle "EXT 2021"]
[Source "ChessBase"]
[SourceDate "2020.10.23"]
[SourceVersion "1"]
[SourceVersionDate "2020.10.23"]
[SourceQuality "1"]
[WhiteTeam "Wiesbaden"]
[BlackTeam "Griesheim"]
[WhiteTeamCountry "GER"]
[BlackTeamCountry "GER"]

1. d4 d5 2. c4 dxc4 3. Nf3 Nf6 4. e3 a6 5. a4 b6 6. Bxc4 Bb7 7. 0-0 e6 8. Qe2 c5 9. Rd1 Qc7 10. Nc3 Nbd7 11. e4 cxd4 12. Nxd4 Ne5 13. Bb3 Neg4 14. g3 Bc5 15. h3 Rd8 16. Nd5 exd5 17. exd5+ Ne5 18. Bf4 Nfd7 19. Nc6 f6 20. Nxd8 Kxd8 21. d6 Qc8 22. Bd5 Re8 23. Qh5 Qa8 24. Bxb7 Qxb7 25. Qxh7 Nf3+ 26. Kf1 Ng5 0-1

[Event "BL2-Sued 1819"]
[Site "Germany"]
[Date "2019.03.24"]
[Round "10.7"]
[White "Miezis, Normunds"]
[Black "Grabarczyk, Bogdan"]
[Result "1/2-1/2"]
[WhiteElo "2464"]
[BlackElo "2378"]
[PlyCount "82"]
[EventDate "2018.11.10"]
[EventType "team-tourn"]
[EventRounds "10"]
[EventCountry "GER"]
[SourceTitle "CBM 190 Extra"]
[Source "ChessBase"]
[SourceDate "2019.07.15"]
[SourceVersion "1"]
[SourceVersionDate "2019.07.15"]
[SourceQuality "1"]
[WhiteTeam "Emmendingen"]
[BlackTeam "Griesheim"]
[WhiteTeamCountry "GER"]
[BlackTeamCountry "GER"]

1. c4 e5 2. Nc3 d6 3. g3 f5 4. d4 Be7 5. Bg2 Nf6 6. Nf3 e4 7. Ng5 c6 8. d5 h6 9. Nh3 Nbd7 10. 0-0 0-0 11. f3 Ne5 12. b3 Qa5 13. Qd2 cxd5 14. Nxd5 Qc5+ 15. Ne3 Bd8 16. Rd1 b5 17. Qxd6 Bb6 18. Qxc5 Bxc5 19. Kh1 bxc4 20. Nd5 Bb7 21. Nxf6+ gxf6 22. Bxh6 Rfd8 23. bxc4 e3 24. Bf4 Nxc4 25. Rdc1 Bd4 26. Rab1 Ba6 27. Rb3 Nd2 28. Rb4 Bxe2 29. Ng1 Ba6 30. Ra4 Bb5 31. Rb4 Ba6 32. Ra4 Bb5 33. Rb4 Rd5 34. a4 Ba6 35. Rc6 Bb6 36. Bxe3 Bxe3 37. Rxa6 Rc8 38. Re6 Re5 39. Rxe5 fxe5 40. Ne2 Rc2 41. h4 Nc4 1/2-1/2

[Event "BL2-Sued 1819"]
[Site "Germany"]
[Date "2018.11.11"]
[Round "2.6"]
[White "Roemer, Ulrich"]
[Black "Grabarczyk, Bogdan"]
[Result "1-0"]
[WhiteElo "2194"]
[BlackElo "2380"]
[PlyCount "69"]
[EventDate "2018.11.10"]
[EventType "team-tourn"]
[EventRounds "10"]
[EventCountry "GER"]
[SourceTitle "CBM 190 Extra"]
[Source "ChessBase"]
[SourceDate "2019.07.15"]
[SourceVersion "1"]
[SourceVersionDate "2019.07.15"]
[SourceQuality "1"]
[WhiteTeam "Jedesheim"]
[BlackTeam "Griesheim"]
[WhiteTeamCountry "GER"]
[BlackTeamCountry "GER"]

1. d4 d5 2. Nf3 Nf6 3. e3 e6 4. Bd3 b6 5. 0-0 Bb7 6. b3 Nbd7 7. c4 Ne4 8. Bb2 f5 9. Nc3 a6 10. Ne2 Bd6 11. Nf4 Qf6 12. Be2 0-0 13. Nd3 Qg6 14. cxd5 exd5 15. Nfe5 Qh6 16. f4 Bxe5 17. Nxe5 Nxe5 18. dxe5 a5 19. Bf3 c5 20. Bxe4 fxe4 21. Qg4 Bc8 22. f5 Qxe3+ 23. Kh1 Qd2 24. Rab1 g6 25. e6 Bxe6 26. fxe6 Qxb2 27. e7 Rxf1+ 28. Rxf1 Kg7 29. Qd7 Kh6 30. e8Q Rxe8 31. Qxe8 Qe2 32. Qf8+ Kh5 33. h3 d4 34. Qf7 Kh6 35. Rf4 1-0

[Event "Hessenliga 1718"]
[Site "Hessen"]
[Date "2017.11.19"]
[Round "3.1"]
[White "Grabarczyk, Bogdan"]
[Black "Dunsbach, Ralf"]
[Result "1-0"]
[WhiteElo "2389"]
[BlackElo "2209"]
[PlyCount "91"]
[EventDate "2017.09.17"]
[EventType "team-tourn"]
[EventRounds "9"]
[EventCountry "GER"]
[SourceTitle "CBM 189 Extra"]
[Source "ChessBase"]
[SourceDate "2019.06.03"]
[SourceVersion "1"]
[SourceVersionDate "2019.06.03"]
[SourceQuality "1"]
[WhiteTeam "Griesheim II"]
[BlackTeam "Bad Homburg"]
[WhiteTeamCountry "GER"]
[BlackTeamCountry "GER"]

1. e4 e5 2. Nc3 Nf6 3. g3 Bc5 4. Bg2 Nc6 5. Nge2 Nd4 6. Nxd4 Bxd4 7. Ne2 Bb6 8. d4 0-0 9. dxe5 Ng4 10. 0-0 Nxe5 11. Nc3 d6 12. h3 c6 13. Kh2 f5 14. f4 Nf7 15. exf5 Bxf5 16. g4 Bd7 17. b3 d5 18. Na4 Bc7 19. Kh1 Qh4 20. Nc5 Bc8 21. Bb2 Nd6 22. Qe1 Qxe1 23. Raxe1 b6 24. Nd3 Ba6 25. Re7 Rf7 26. Rfe1 Ne4 27. Bxe4 Rxe7 28. Bxd5+ Rf7 29. Bxf7+ Kxf7 30. Bxg7 Bxd3 31. cxd3 Bxf4 32. Bc3 Bg5 33. Kg2 Rd8 34. Rf1+ Kg6 35. Rf3 h5 36. Kg3 hxg4 37. Kxg4 Rd5 38. h4 Bd8 39. Re3 Kf7 40. Be5 Bf6 41. d4 Bxe5 42. dxe5 Ke6 43. h5 Rd4+ 44. Kg5 Rd2 45. h6 Rh2 46. Re4 1-0

[Event "Hessenliga 1617"]
[Site "Hessen"]
[Date "2017.03.05"]
[Round "7.1"]
[White "Grabarczyk, Bogdan"]
[Black "Cordes, Hans Joerg"]
[Result "1/2-1/2"]
[WhiteElo "2395"]
[BlackElo "2244"]
[PlyCount "85"]
[EventDate "2016.09.18"]
[EventType "team-tourn"]
[EventRounds "9"]
[EventCountry "GER"]
[SourceTitle "EXT 2018"]
[Source "ChessBase"]
[SourceDate "2017.10.13"]
[SourceVersion "1"]
[SourceVersionDate "2017.10.13"]
[SourceQuality "1"]
[WhiteTeam "Griesheim II"]
[BlackTeam "Offenbach"]
[WhiteTeamCountry "GER"]
[BlackTeamCountry "GER"]

1. e4 e6 2. d4 d5 3. e5 c5 4. c3 Nc6 5. Nf3 Qb6 6. a3 Nge7 7. b4 cxd4 8. cxd4 Nf5 9. Bb2 Bd7 10. Be2 Be7 11. 0-0 0-0 12. Kh1 f6 13. g4 Nh6 14. exf6 Rxf6 15. Rg1 Rf4 16. Bc1 Raf8 17. Bxf4 Rxf4 18. Qd2 Rxg4 19. Nc3 Rxg1+ 20. Rxg1 Nf5 21. Na4 Qc7 22. Bd3 Bf6 23. Bxf5 exf5 24. Nc5 Be8 25. Qe3 Bh5 26. Qe6+ Qf7 27. Qxf5 Nxd4 28. Nxd4 Bxd4 29. Qc8+ Qe8 30. Qxe8+ Bxe8 31. Kg2 b6 32. Nd3 Kf7 33. Rc1 Kf6 34. Kf3 Kf5 35. Ke2 Bb5 36. Rc7 a5 37. Rf7+ Bf6 38. Ke3 axb4 39. Nxb4 Bc4 40. Nc6 Kg4 41. Rb7 Bg5+ 42. Kd4 Bf6+ 43. Ke3 1/2-1/2

[Event "Bundesliga 1516"]
[Site "Germany"]
[Date "2016.02.20"]
[Round "8.6"]
[White "Grabarczyk, Bogdan"]
[Black "Zeller, Frank"]
[Result "1/2-1/2"]
[WhiteElo "2396"]
[BlackElo "2394"]
[PlyCount "47"]
[EventDate "2015.09.18"]
[EventType "team-tourn"]
[EventRounds "15"]
[EventCountry "GER"]
[SourceTitle "CBM 171"]
[Source "ChessBase"]
[SourceDate "2016.03.14"]
[SourceVersion "2"]
[SourceVersionDate "2016.03.14"]
[SourceQuality "1"]
[WhiteTeam "Griesheim"]
[BlackTeam "Schwaebisch Hall"]
[WhiteTeamCountry "GER"]
[BlackTeamCountry "GER"]

1. e4 e5 2. Nf3 Nc6 3. Bb5 a6 4. Ba4 d6 5. d4 b5 6. Bb3 Nxd4 7. Nxd4 exd4 8. Bd5 Rb8 9. Bc6+ Bd7 10. Bxd7+ Qxd7 11. Qxd4 Nf6 12. 0-0 Be7 13. Nc3 0-0 14. Bf4 b4 15. Ne2 Nh5 16. Rad1 Qg4 17. Qe3 Nxf4 18. Nxf4 Bg5 19. g3 Rfe8 20. Rfe1 Rb5 21. f3 Bxf4 22. Qxf4 Qxf4 23. gxf4 Rc5 24. Re2 1/2-1/2

[Event "Hessenliga 1415"]
[Site "Hessen"]
[Date "2015.02.08"]
[Round "6.2"]
[White "Grabarczyk, Bogdan"]
[Black "Keller, Peter1111"]
[Result "1-0"]
[WhiteElo "2407"]
[BlackElo "2110"]
[PlyCount "79"]
[EventDate "2014.09.28"]
[EventType "team-tourn"]
[EventRounds "9"]
[EventCountry "GER"]
[SourceTitle "EXT 2016"]
[Source "ChessBase"]
[SourceDate "2015.10.08"]
[SourceVersion "1"]
[SourceVersionDate "2015.10.08"]
[SourceQuality "1"]
[WhiteTeam "Griesheim II"]
[BlackTeam "Frankfurt TV"]
[WhiteTeamCountry "GER"]
[BlackTeamCountry "GER"]

1. e4 e5 2. Bc4 Nf6 3. d3 Nc6 4. Nc3 Na5 5. Qf3 c6 6. Nge2 d6 7. 0-0 Be7 8. h3 0-0 9. Ng3 Nxc4 10. dxc4 Be6 11. b3 Qd7 12. Bb2 b5 13. cxb5 cxb5 14. Rfd1 Rfc8 15. Rd2 Qb7 16. a3 Rc5 17. Nh5 Nxh5 18. Qxh5 Rac8 19. Qf3 f5 20. Rad1 a5 21. Nd5 Bg5 22. exf5 Bxd5 23. Rxd5 Rxd5 24. Rxd5 Rxc2 25. Bxe5 Qc6 26. Bxd6 Rd2 27. Rxd2 Qxf3 28. gxf3 Bxd2 29. a4 bxa4 30. bxa4 Bc3 31. Kf1 Kf7 32. Ke2 Kf6 33. Kd3 Be1 34. Ke4 Bxf2 35. Be5+ Kf7 36. Bc3 Bb6 37. Kd5 g6 38. Kc6 Bd8 39. fxg6+ Kxg6 40. Kb5 1-0

[Event "Hessenliga 1415"]
[Site "Hessen"]
[Date "2014.09.28"]
[Round "1.1"]
[White "Grabarczyk, Bogdan"]
[Black "Kierzek, Matthias"]
[Result "1-0"]
[WhiteElo "2407"]
[BlackElo "2189"]
[PlyCount "27"]
[EventDate "2014.09.28"]
[EventType "team-tourn"]
[EventRounds "9"]
[EventCountry "GER"]
[SourceTitle "EXT 2016"]
[Source "ChessBase"]
[SourceDate "2015.10.08"]
[SourceVersion "1"]
[SourceVersionDate "2015.10.08"]
[SourceQuality "1"]
[WhiteTeam "Griesheim II"]
[BlackTeam "Fulda"]
[WhiteTeamCountry "GER"]
[BlackTeamCountry "GER"]

1. e4 c6 2. d4 d5 3. e5 Bf5 4. Nf3 e6 5. Be2 c5 6. Be3 cxd4 7. Nxd4 Ne7 8. Nd2 Nbc6 9. N2f3 Be4 10. 0-0 Ng6 11. Bb5 Bxf3 12. Nxc6 Bxd1 13. Nb8+ Qd7 14. Nxd7 1-0

[Event "Bundesliga 1314"]
[Site "Germany"]
[Date "2014.02.08"]
[Round "7.7"]
[White "Grabarczyk, Bogdan"]
[Black "Jaracz, Pawel"]
[Result "1/2-1/2"]
[WhiteElo "2393"]
[BlackElo "2502"]
[PlyCount "48"]
[EventDate "2013.10.12"]
[EventType "team-tourn"]
[EventRounds "15"]
[EventCountry "GER"]
[SourceTitle "CBM 159"]
[Source "ChessBase"]
[SourceDate "2014.03.17"]
[SourceVersion "1"]
[SourceVersionDate "2014.03.17"]
[SourceQuality "1"]
[WhiteTeam "Griesheim"]
[BlackTeam "Trier"]
[WhiteTeamCountry "GER"]
[BlackTeamCountry "GER"]

1. e4 e5 2. Nf3 Nc6 3. Bc4 Bc5 4. c3 Nf6 5. d4 exd4 6. cxd4 Bb4+ 7. Bd2 Bxd2+ 8. Nbxd2 d5 9. exd5 Nxd5 10. Qb3 Na5 11. Qa4+ Nc6 12. Qb3 Nce7 13. 0-0 0-0 14. Rfe1 c6 15. Ne5 Qb6 16. Qxb6 axb6 17. Ne4 Nf5 18. Bxd5 cxd5 19. Nc3 Nxd4 20. Rad1 Nc6 21. Rxd5 Re8 22. Re3 Be6 23. Rb5 Ra6 24. Nf3 Rd8 1/2-1/2

[Event "Bundesliga 1314"]
[Site "Germany"]
[Date "2013.12.15"]
[Round "6.6"]
[White "Zaragatski, Ilja"]
[Black "Grabarczyk, Bogdan"]
[Result "1/2-1/2"]
[WhiteElo "2510"]
[BlackElo "2393"]
[PlyCount "59"]
[EventDate "2013.10.12"]
[EventType "team-tourn"]
[EventRounds "15"]
[EventCountry "GER"]
[SourceTitle "CBM 158"]
[Source "ChessBase"]
[SourceDate "2014.01.16"]
[SourceVersion "1"]
[SourceVersionDate "2014.01.16"]
[SourceQuality "1"]
[WhiteTeam "Katernberg"]
[BlackTeam "Griesheim"]
[WhiteTeamCountry "GER"]
[BlackTeamCountry "GER"]

1. Nf3 d5 2. g3 Nc6 3. d4 Bg4 4. Bg2 Qd7 5. c4 dxc4 6. d5 Bxf3 7. Bxf3 Ne5 8. Bg2 Nf6 9. Qd4 Qd6 10. Bf4 Nfd7 11. Nd2 g5 12. Bxg5 Bg7 13. Qh4 Nb6 14. 0-0 Ng6 15. Qe4 Bxb2 16. Rab1 Qe5 17. Qc2 Qxg5 18. Qxb2 Qe5 19. Nxc4 Qxb2 20. Nxb2 0-0-0 21. e4 e5 22. dxe6 fxe6 23. Bh3 Rhe8 24. Rfd1 Ne5 25. f4 Nf3+ 26. Kf2 Nd2 27. Rbc1 Nxe4+ 28. Kf3 Nd6 29. Nd3 Kb8 30. Nc5 1/2-1/2

[Event "Luxembourg-chT 1112"]
[Site "Luxembourg"]
[Date "2012.03.03"]
[Round "10"]
[White "Grabarczyk, Bogdan"]
[Black "Adrian, Claude"]
[Result "1-0"]
[WhiteElo "2385"]
[BlackElo "2259"]
[PlyCount "64"]
[EventDate "2011.10.??"]
[EventType "team-tourn"]
[EventRounds "10"]
[EventCountry "LUX"]
[SourceTitle "EXT 2017"]
[Source "ChessBase"]
[SourceDate "2016.10.25"]
[SourceVersion "1"]
[SourceVersionDate "2016.10.25"]
[SourceQuality "1"]

1. e4 e6 2. d4 d5 3. e5 c5 4. c3 Qb6 5. Nf3 Nc6 6. a3 Nh6 7. b4 cxd4 8. cxd4 Nf5 9. Bb2 Be7 10. h4 h5 11. Bd3 a5 12. Bxf5 exf5 13. Nc3 Be6 14. b5 a4 15. 0-0 Na5 16. Qxa4 0-0 17. Qd1 Nc4 18. Bc1 Rfc8 19. a4 Nxe5 20. Nxe5 Rxc3 21. Bb2 Rc7 22. Qxh5 Rc2 23. Ba3 Bxa3 24. Rxa3 Qxd4 25. Nf3 Qg4 26. Qg5 Qxg5 27. hxg5 Rb2 28. Rfa1 Rc8 29. Ne5 d4 30. Rd1 Rc3 31. Raa1 Rcc2 32. Nf3 d3 1-0

[Event "BL2-Sued 1112"]
[Site "Germany"]
[Date "2011.10.23"]
[Round "2.7"]
[White "Horn, Hans Markus"]
[Black "Grabarczyk, Bogdan"]
[Result "1/2-1/2"]
[WhiteElo "1999"]
[BlackElo "2409"]
[PlyCount "68"]
[EventDate "2011.10.02"]
[EventType "team-tourn"]
[EventRounds "9"]
[EventCountry "GER"]
[SourceTitle "EXT 2015"]
[Source "ChessBase"]
[SourceDate "2014.11.20"]
[SourceVersion "1"]
[SourceVersionDate "2014.11.20"]
[SourceQuality "1"]
[WhiteTeam "Viernheim"]
[BlackTeam "Griesheim"]
[WhiteTeamCountry "GER"]
[BlackTeamCountry "GER"]

1. d4 f5 2. c4 Nf6 3. Nc3 g6 4. g3 Bg7 5. Bg2 0-0 6. Nf3 d6 7. 0-0 e6 8. Rb1 Nc6 9. d5 Ne5 10. Nd4 Qe7 11. b3 exd5 12. cxd5 Bd7 13. Bb2 g5 14. Qc2 f4 15. Nf5 Qf7 16. Nxg7 Qxg7 17. Ne4 Nxe4 18. Bxe4 Bh3 19. Bg2 Bxg2 20. Kxg2 Rae8 21. Rbc1 Re7 22. Bxe5 Qxe5 23. Qc4 Qf5 24. Rc3 Rff7 25. Rf3 Re4 26. Qd3 Rfe7 27. Rc1 Qe5 28. e3 fxe3 29. Rxe3 Rxe3 30. fxe3 Qb2+ 31. Rc2 Qe5 32. h3 Kg7 33. Qd4 Kf6 34. Kf3 Rf7 1/2-1/2

[Event "BL2-Sued 1112"]
[Site "Germany"]
[Date "2011.10.02"]
[Round "1.7"]
[White "Grabarczyk, Bogdan"]
[Black "Tiemann, Christoph"]
[Result "1/2-1/2"]
[WhiteElo "2409"]
[BlackElo "2274"]
[PlyCount "56"]
[EventDate "2011.10.02"]
[EventType "team-tourn"]
[EventRounds "9"]
[EventCountry "GER"]
[SourceTitle "EXT 2015"]
[Source "ChessBase"]
[SourceDate "2014.11.20"]
[SourceVersion "1"]
[SourceVersionDate "2014.11.20"]
[SourceQuality "1"]
[WhiteTeam "Griesheim"]
[BlackTeam "Baden-Baden II"]
[WhiteTeamCountry "GER"]
[BlackTeamCountry "GER"]

1. e4 c5 2. Nf3 d6 3. d4 cxd4 4. Nxd4 Nf6 5. Nc3 a6 6. Bg5 e6 7. f4 h6 8. Bh4 Qb6 9. a3 Nbd7 10. Bf2 Qc7 11. Be2 e5 12. fxe5 dxe5 13. Nf5 Nc5 14. Nd5 Nxd5 15. Qxd5 g6 16. Ng7+ Bxg7 17. Qxc5 Qxc5 18. Bxc5 Be6 19. 0-0-0 Bf8 20. Bxf8 Rxf8 21. Rd6 Ke7 22. Rb6 Rab8 23. Rd1 Rfd8 24. c4 Rxd1+ 25. Kxd1 Kd7 26. c5 Kc7 27. Kd2 Rd8+ 28. Ke3 Rd4 1/2-1/2

[Event "POL-chT1"]
[Site "Mrzezyno"]
[Date "2011.09.10"]
[Round "8"]
[White "Grabarczyk, Bogdan"]
[Black "Vovk, Yuri"]
[Result "0-1"]
[WhiteElo "2409"]
[BlackElo "2577"]
[PlyCount "140"]
[EventDate "2011.09.03"]
[EventType "team-tourn"]
[EventRounds "9"]
[EventCountry "POL"]
[SourceTitle "CBM 144 Extra"]
[Source "ChessBase"]
[SourceDate "2011.10.28"]
[SourceVersion "1"]
[SourceVersionDate "2011.10.28"]
[SourceQuality "1"]
[WhiteTeam "Gostynin Gostmat 83 "]
[BlackTeam "Brzeg Prokonex"]
[WhiteTeamCountry "POL"]
[BlackTeamCountry "POL"]

1. e4 c5 2. Nf3 Nc6 3. d4 cxd4 4. Nxd4 Qb6 5. Nb3 Nf6 6. Nc3 e6 7. Bd3 Be7 8. Be3 Qc7 9. f4 d6 10. Qf3 b6 11. 0-0-0 0-0 12. g4 Nb4 13. g5 Nxd3+ 14. Rxd3 Nd7 15. Bd4 Ba6 16. Re3 Rfc8 17. Qf2 b5 18. a3 b4 19. axb4 Rab8 20. Rh3 Rxb4 21. Qh4 Nf8 22. Bxg7 Kxg7 23. Qh6+ Kh8 24. f5 d5 25. Rf3 Ng6 26. fxg6 fxg6 27. Kb1 Kg8 28. exd5 exd5 29. Rd1 Bc4 30. Rd2 Bf8 31. Qh3 Re8 32. Re3 Rxe3 33. Qxe3 Bxb3 34. cxb3 Rxb3 35. Rxd5 Rb8 36. Qe6+ Kh8 37. Nb5 Qf4 38. Qf6+ Qxf6 39. gxf6 Rb6 40. Nxa7 Rxf6 41. Kc2 Rf4 42. Rd3 h5 43. h3 Kh7 44. Nc6 Bg7 45. b3 g5 46. Kd1 Re4 47. b4 Kg6 48. b5 Re6 49. Rd2 Bc3 50. Re2 Rd6+ 51. Kc2 Bf6 52. Rd2 Re6 53. Kd3 g4 54. hxg4 hxg4 55. Re2 Rd6+ 56. Kc4 Kg5 57. Kc5 Rd1 58. b6 Rb1 59. Ne5 g3 60. Nf3+ Kg4 61. Ne1 Bd8 62. Re4+ Kf5 63. Re2 Bxb6+ 64. Kc4 Rc1+ 65. Kd3 Bf2 66. Ng2 Rd1+ 67. Rd2 Rg1 68. Nh4+ Kg4 69. Ng6 Re1 70. Re2 g2 0-1